Youtubeurs qui parlent portugais par image - Statistiques

Statistiques générales
  • Ce quiz a été pris 5 fois
  • Le résultat moyen est 3 sur 16
Statistiques - réponses
Par images Réponse % Correct
Felipe Neto
75%
Luccas Neto
75%
Whinderssonnunes
50%
Canal Nostalgia
25%
Enaldinho
25%
rezendeevil
25%
SirKazzio
25%
Você Sabia
25%
AuthenticGames
0%
Bispo Bruno Leonardo
0%
Canal Canalha
0%
MysteryGuitarMan
0%
Porta dos Fundos
0%
Renato Garcia
0%
Robin Hood Gamer
0%
Spider Slack
0%
Aucun quiz correspondant
Distribution des résultats
% des personnes avec chaque résultat
Percentile par nombre de réponses
Votre historique - résultats
Vous n’avez pas pris ce quiz